000 00536nam a22001937a 4500
003 OSt
005 20180116183056.0
008 161021b xxu||||| |||| 00| 0 eng d
020 _a0340821949
040 _c0
082 _a658.314 LUN 2002
100 _aLundin,Stephen C.PhD.
245 _aFish! Tales :
_bReal-Llife Stories to Help You Transform Your Workplace and Your Life.
_cStephen C.Lundin
260 _aLondon
_bHodder Mobius
_c2002
300 _a176p.
_bPB.
440 _aFish! Tales :
500 _aPB.
942 _2ddc
_cBK
999 _c351845
_d351845